Séries Policières étrangères en 60 clics - Statistiques

Statistiques générales
  • Ce quiz a été pris 61 fois
  • Le résultat moyen est 27 sur 60
Statistiques - réponses
Hint Réponse % Correct
Mentalist
84%
NCIS : Enquêtes spéciales
80%
Monk
77%
Columbo
73%
Esprits Criminels
73%
Esprits Criminels
71%
NCIS : Enquêtes spéciales
71%
Cold Case : Affaires classées
70%
NCIS : Enquêtes spéciales
70%
New York, police judiciaire
64%
Castle
63%
NCIS : Enquêtes spéciales
63%
Les Experts
61%
Alerte Cobra
59%
Castle
55%
New York, police judiciaire
55%
Blacklist
50%
Esprits Criminels
50%
Esprits Criminels
50%
Monk
50%
Alerte Cobra
48%
Hooker
48%
Les Experts
48%
Mentalist
48%
Monk
48%
New York 911
48%
Person of Interest
48%
Hooker
46%
New York 911
46%
Mentalist
45%
Person of Interest
45%
Les Experts
43%
Cold Case : Affaires classées
41%
Mindhunter
41%
Monk
41%
Cold Case : Affaires classées
39%
Mindhunter
39%
Columbo
38%
Columbo
38%
Hooker
38%
New York, police judiciaire
38%
Blacklist
36%
Person of Interest
36%
Mentalist
34%
New York 911
34%
Castle
32%
Mindhunter
30%
Blacklist
29%
Cold Case : Affaires classées
29%
Les Experts
27%
New York 911
25%
Alerte Cobra
23%
Castle
23%
Mindhunter
21%
Blacklist
20%
Person of Interest
20%
Hooker
16%
New York, police judiciaire
16%
Columbo
14%
Alerte Cobra
13%
Aucun quiz correspondant
Distribution des résultats
% des personnes avec chaque résultat
Percentile par nombre de réponses
Votre historique - résultats
Vous n’avez pas pris ce quiz